Inequality Around th World /

সংরক্ষণ করুন:
গ্রন্থ-পঞ্জীর বিবরন
প্রধান লেখক: Freeman, Richard B.
অন্যান্য লেখক: ed
বিন্যাস: পাঠ‍্য
ট্যাগগুলো: ট্যাগ যুক্ত করুন
কোনো ট্যাগ নেই, প্রথমজন হিসাবে ট্যাগ করুন!

MARC

LEADER 00000 a a2200000 04500
001 18632
003
040
100 |a Freeman, Richard B.  
245 |a Inequality Around th World /  |c Richard B. Freeman 
500 |a Datos de edición: New York, Palgrave, 2002. 281 p  
700 |a ed  
773 |g volumen 15, número 1; páginas 211-213  
999 |c 20112  |d 20112